Guess the Countries where I've travelled to! - Statistics

General Stats
  • This quiz has been taken 386 times
  • The average score is 9 of 15
Answer Stats
Hint Answer % Correct
U__A USA
93%
I_____Y Italy
89%
S_____N Spain
86%
F_____E France
81%
P______L Portugal
76%
The B______S Bahamas
72%
G______E Greece
71%
M_____O Monaco
58%
E_____T Egypt
52%
I_____D Ireland
52%
N______S Netherlands
46%
M______O Morocco
44%
T_______D Thailand
42%
S__________D Switzerland
38%
C______A Croatia
32%
No matching quizzes found
Score Distribution
Percent of People with Each Score
Percentile by Number Answered
Your Score History
You have not taken this quiz